000 00439nam a22001697a 4500
005 20180530124314.0
008 160611b xxu||||| |||| 00| 0 eng d
020 _a978-81-8054-633-4
041 _aeng
082 _b6811
_a519.5
100 _aAggarwal, B.M.
_9990
245 _aBusiness Mathematics and Statistics Fundamentals
260 _aNew Delhi
_bSultan Chand & Sons,
300 _a1525
650 _aManagement
_9241
942 _cBK
999 _c2383
_d2382